Music Quiz

Random Music or Taylor Swift Quiz

Song and Artist Match: #6 hits Quiz Stats

 Plays Quiz not verified by Sporcle

Challenge
Share
Tweet
Embed
Score 0/30 Timer 10:00
0 Plays Today
% Correct
Nirvana
93.6%
Elton John
88.1%
Tracy Chapman
83.2%
Aerosmith
82.9%
Green Day
81.7%
ABBA
78%
Chris Isaak
74%
Shakira
69.1%
Alanis Morissette
66.4%
Huey Lewis and the News
66.1%
Jason Mraz
66.1%
Tom Cochrane
65.7%
R.E.M.
64.2%
Kelly Clarkson
64.2%
Cream
62.1%
% Correct
Hootie and the Blowfish
60.6%
Naughty By Nature
58.1%
Christina Aguilera
56%
The Pointer Sisters
54.7%
Sonny and Cher
54.1%
Taylor Swift
53.8%
Drake
51.7%
Dusty Springfield
51.4%
Arrested Development
48.3%
Rachel Platten
46.8%
Natalie Cole
45.3%
Rihanna
45.3%
Cyndi Lauper
41.9%
Madonna
31.8%
PM Dawn
22.9%

You're not logged in!

Compare scores with friends on all Sporcle quizzes.
Join for Free
OR
Log In

You Might Also Like...

Show Comments

Extras

Top Quizzes Today


Score Distribution

Your Account Isn't Verified!

In order to create a playlist on Sporcle, you need to verify the email address you used during registration. Go to your Sporcle Settings to finish the process.

Report this User

Report this user for behavior that violates our Community Guidelines.

Details: